• 首页
  • 本馆介绍
  • 公告通知
  • 最新文献
  • 馆藏检索
  • 电子资源
  • 读者导购
  • 参考咨询
  • 我的图书馆
  • 登录
  • 详细信息显示
  • 放入我的书架
  • 预约/预借图书
  • 作者相关作品
  • 分类相关作品
  • 丛书相关作品
  • 出版社相关作品

书目信息

  • 表格格式
  • 工作单格式
  • 卡片格式
题名:
关于国民经济和社会发展第十个五年计划纲要的报告
    
 
作者: 朱镕基报告
分册:  
出版信息: 北京   人民出版社  2001
页数: 91页
开本: 20cm
丛书名:
单 册:
中图分类: D623
科图分类:
主题词: 全国人民代表大会,九届四次--政府工作报告
电子资源:
ISBN: 7-01-003366-8
000 00870nam0 2200205 450
001 0759619455
005 20070717105417.06
010    @a7-01-003366-8@dCNY4.20
100    @a20070707d2001 km y0chiy0120 ea
101 0  @achi
102    @aCN@b110000
200 1  @a关于国民经济和社会发展第十个五年计划纲要的报告@Aguan yu guo min jing ji he she hui fa zhan di shi ge wu nian ji hua gang yao de bao gao@e2001年3月5日在第九届全国人民代表大会第四次会议上@f朱镕基报告@Fzhu rong ji bao gao
210    @a北京@c人民出版社@d2001
215    @a91页@d20cm
517 1  @a2001年3月5日在第九届全国人民代表大会第四次会议上@A2001 nian 3 yue 5 ri zai di jiu jie quan guo ren min dai biao da hui di si ci hui yi shang
606 0  @a全国人民代表大会,九届四次@x政府工作报告
690    @aD623@v3
701  0 @a朱镕基报告@Azhu rong ji bao gao
801  0 @aCN@bPFT@c20070717
905    @a10447@dD623@e33
    
    关于国民经济和社会发展第十个五年计划纲要的报告:2001年3月5日在第九届全国人民代表大会第四次会议上/朱镕基报告.-北京:人民出版社,2001
    91页;20cm
    
    
    ISBN 7-01-003366-8:CNY4.20
    
●
相关链接 在E读中查询图书 在五车中查询图书 在当当中查询图书 在豆瓣中查询图书


正题名:关于国民经济和社会发展第十个五年计划纲要的报告     索取号:D623/33         预约/预借

序号 登录号 条形码 馆藏地/架位号 状态 备注
1 0765942   207659425   第一样本阅览室/ [索取号:D623/33] 在馆    
2 0765946   207659461   第一借阅区/ [索取号:D623/33] 在馆    
3 0770415   207704153   密集书库/ [索取号:D623/33] 在馆    
唐山师范学院图书馆 欢迎您!
大连网信软件有限公司© 版权所有